00723nam a2200241Ia 4500001000700000003000500007008004100012010001100053020001800064040000900082082001700091110000800108245011800116260002400234300001000258440003900268503001500307650002800322650003400350650003200384650002400416700004100440Z_5587CHAP220113s1987 xx 000 0 und d a168681 a92-5-102629-7 cCHAP a636.08243 F3 aFAO aCrossbreeding bos indicus and bos taurus for milk production in the tropics /cby E. P. Cunninham and O. Syrstad aRome :bFAO,c1987 a90 p. aProducción y sanidad animal ; 68 adonación aGanado lecheroxCruzas  aGanado lecheroxMejoramiento  aGanado lecheroxTrópicos  aLechexProducción aI. Cunninham, E. P. II. Syrstad, O.